| 000 | 00732nam a2200265Ia 4500 | ||
|---|---|---|---|
| 003 | OSt | ||
| 005 | 20221005031138.0 | ||
| 006 | a|||||r|||| 00| 0 | ||
| 007 | ta | ||
| 008 | 221004b |||||||| |||| 00| 0 eng d | ||
| 020 | _a0 521 30008 8 | ||
| 024 | _a24254 | ||
| 037 | _cTextual | ||
| 040 |
_aCRL _cCRL _beng |
||
| 041 |
_2eng _aeng |
||
| 082 | _aO111:gv, N9.3 | ||
| 100 |
_aNorton Glyn P. Editor _9583333 |
||
| 245 | 0 | _aCambridge history of literary criticism | |
| 260 |
_aCambridge _bPress Syndicate UK _c1999 |
||
| 300 |
_a758p. _ccm. |
||
| 490 | _vVIII: The Renaissance | ||
| 650 | _aENGLISH LITERATURE | ||
| 942 |
_hO111:gv, N9.3 _cTEXL _2cc |
||
| 999 |
_c937296 _d937296 |
||